000 01185cam a2200337 4500
001 26513
003 BD-RjUL
005 20211209051028.0
008 140322s1972 ii b 001 0aeng
035 _a(BD-RjUL)26583
040 _aDLC
_cDLC
_dDLC
_dBD-RjUL
_beng
041 1 _aeng
_hper
082 0 0 _a954.0250924
_bBIR 1972
100 0 _aAurangzeb,
_d1618-1707.
_981548
245 1 0 _aRukaʾat-i-Alamgiri or, Letters of Aurangzebe /
_cWith historical and explanatory notes. Translated from the original Persian into English by Jamshid H. Bilimoria.
260 _aDelhi :
_bIdarah-i Adabiyāt-i Delli,
_cc1972.
300 _av, 184 p. ;
_c22 cm.
350 _aRs20.00
490 1 _aIAD oriental series, no. 12
500 _aFirst published in 1908.
504 _aIncludes bibliographical references and index.
600 0 0 _aAurangzeb,
_cEmperor of Hindustan,
_d1618-1707
_981555
830 0 _vno. 12.
_981556
700 1 _aBilimoria, Jamshid H.,
_etr.
_981551
740 0 _aLetters of Aurangzebe.
830 0 _aIAD oriental series ;
_981557
942 _2ddc
_cBK
999 _c26513
_d26513